El delito de corrupción de menores
Gorde:
| Egile nagusia: | |
|---|---|
| Formatua: | Liburua |
| Hizkuntza: | gaztelania |
| Argitaratua: |
Santiago
Jurídica de Chile
1968
|
| Saila: | Memoria, 29
|
| Gaiak: | |
| Etiketak: |
Etiketa erantsi
Etiketarik gabe, Izan zaitez lehena erregistro honi etiketa jartzen!
|
MARC
| LEADER | 00000nam a2200000 a 4500 | ||
|---|---|---|---|
| 001 | UCS0191 | ||
| 003 | CL-VaPUC | ||
| 008 | 970418e19680000CL |||||||||||||||||spa|d | ||
| 082 | 0 | 4 | |a 364.155 |b NAZ |2 21 |
| 100 | |a Nazal Manzur, María Eugenia |e autora |9 383376 | ||
| 245 | 1 | 3 | |a El delito de corrupción de menores |
| 300 | |a 70 p | ||
| 942 | |c BK | ||
| 945 | |d 19970418 00:00:00 |a paguirre | ||
| 260 | |a Santiago |b Jurídica de Chile |c 1968 | ||
| 650 | 0 | |a Delitos |9 224143 | |
| 650 | 7 | |a DERECHO PENAL |2 CL-VaPUC |9 11 | |
| 650 | 7 | |a CORRUPCION DE MENORES |2 CL-VaPUC |9 383377 | |
| 650 | 0 | |a Derecho romano |9 255930 | |
| 650 | 0 | |a Códigos |9 352314 | |
| 650 | 0 | |a Derecho de familia |9 255603 | |
| 650 | 0 | |a Jurisprudencia |9 255952 | |
| 650 | 0 | |a Delitos sexuales |9 256093 | |
| 583 | |a last modification |c 19970418 00:00:00 |k Rodrigo Vera | ||
| 490 | 0 | |a Memoria, 29 | |
| 999 | |c 258432 |d 258430 | ||
| 952 | |0 0 |1 0 |4 0 |6 364_155000000000000_NAZ_1968 |7 0 |8 A |9 282520 |a BIBDER |b BIBDER |d 2019-11-19 |i 1831569 |o 364.155 NAZ 1968 |p 1831569 |r 2023-01-25 |w 2019-11-19 |y BK |k DER | ||
| 952 | |0 0 |1 0 |4 0 |6 364_155000000000000_NAZ_1968 |7 0 |8 A |9 282521 |a BIBDER |b BIBDER |d 2019-11-19 |i 1831577 |o 364.155 NAZ 1968 |p 1831577 |r 2023-01-25 |w 2019-11-19 |y BK |k DER | ||